vocabulaire grec ancien 3 - Statistiques

Statistiques générales
  • Ce quiz a été pris 14 fois
  • Le résultat moyen est 12 sur 20
Statistiques - réponses
Grec ancien traduction % Correct
ὁ βίος, ου la vie | les ressources | ce qui permet de vivre
100%
γάρ (post-positif) en effet | car
88%
ὁ βάρϐαρος, ου le Barbare
88%
τὸ βιϐλίον, ου le livre
88%
δέ (post-positif) d’autre part | et | or | puis | mais
75%
ὁ δῆμος, ου le peuple
75%
δεινός, ή, όν terrible | étrange | épouvantable | habile
75%
τὸ δένδρον, ου l'arbre
63%
ὁ διδάσκαλος, ου le maître
63%
ὁ γεωργός, οῦ le paysan
63%
ἆρα... est-ce que… ?
50%
γιγνώσκω je connais
50%
βάλλω je jette
50%
βαίνω je marche
50%
ἄρα donc
38%
διά + accusatif grâce à | à cause de
38%
ἄρχω + génitif je commande
38%
βλέπω πρός + accusatif je tourne mes regards vers | je regarde
38%
ὁ βωμός, οῦ l’autel
25%
διαφέρω + génitif je diffère de | je l’emporte sur | je suis supérieur à
13%
Aucun quiz correspondant
Distribution des résultats
% des personnes avec chaque résultat
Percentile par nombre de réponses
Votre historique - résultats
Vous n’avez pas pris ce quiz